[Event "SVK-chT2 9697"]
[Site "SVK"]
[Date "1997.??.??"]
[Round "9"]
[White "Franzen, Josef"]
[Black "Krajnak, Martin"]
[Result "1/2-1/2"]
[WhiteElo "2330"]
[BlackElo "2255"]

1.e4 d6 2.d4 Nf6 3.Nc3 c6 4.f4 Qa5 5.Bd3 e5 6.Nf3 Bg4 7.dxe5 dxe5 8.f5 Bc5
9.h3 Bxf3 10.Qxf3 Nbd7 11.Bd2 O-O-O 12.Bc4 Qb4 13.Bb3 Nb6 14.O-O-O Nc4 15.a3 Nxd2
16.axb4 Nxf3 17.bxc5 Ng5 18.h4 Ngxe4 19.Nxe4 Nxe4 20.Bxf7 Nxc5 21.Rde1 Nd7
22.Be6 Rhe8 23.Rxe5 Kc7 24.Re3 Nf6 25.Rg3 Re7 26.Rd1 Rxd1+ 27.Kxd1 Kd6 28.Ra3 b6
29.Ke2 a5 30.Kf3 h5 31.Kf4 Ra7 32.Rd3+ Kc5 33.Kg5 b5 34.Kg6 a4 35.c3 Kb6
36.Rd8 c5 37.Bf7 b4 38.cxb4 cxb4 39.Kxg7 Nd7 40.Kh6 b3 41.Re8 Nc5 42.Bc4 Nd7
43.Kg5 Kc5 44.Be6 a3 45.bxa3 b2 46.Rc8+ Kd6 47.Ba2 Rxa3 48.Bb1 Rg3+ 49.Kxh5 Rxg2  1/2-1/2

[Event "SVK-chT2 9697"]
[Site "SVK"]
[Date "1997.??.??"]
[Round "11"]
[White "Podoba, Milan"]
[Black "Profant, Tibor"]
[Result "1-0"]
[WhiteElo "2030"]
[BlackElo "2120"]

1.e4 d6 2.d4 Nf6 3.Nc3 c6 4.f4 Qa5 5.Bd3 Bg4 6.Nf3 e6 7.O-O d5 8.exd5 cxd5
9.Bd2 Nc6 10.Ne2 Qb6 11.c3 Bd6 12.Qc2 Rc8 13.Rae1 g6 14.Kh1 Qc7 15.Qb1 a6
16.Ne5 Bf5 17.Ng3 Ne7 18.Nxf5 gxf5 19.Qd1 Ne4 20.Be3 Ng6 21.Qh5 Ke7 22.Bf2 Nxf2+
23.Rxf2 Bxe5 24.fxe5 Rcg8 25.g4 fxg4 26.Rf6 Kd7 27.Ref1 Ke8 28.Bxg6 Rxg6
29.Rxg6 fxg6 30.Qxg4 Qe7 31.Rf6 Kd7 32.Qf3 Ke8 33.Qg4 Kd7 34.c4 Rf8 35.Qf3 Rxf6
36.exf6 Qf7 37.c5 g5 38.Kg2 Ke8 39.Qg3 Qxf6 40.Qb8+ Kf7 41.Qxb7+ Kg6 42.Qxa6 Qxd4
43.Qxe6+ Kh5 44.Qe2+ Kh6 45.c6 Qc5 46.Qe6+ Kh5 47.Qf7+ Kh6 48.Qf6+ Kh5 49.Qc3 Qe7
50.Qc2 Qc7 51.Qd1+ Kh6 52.Qxd5 Qf4 53.Qd7 Qe4+ 54.Kf2 Qf4+ 55.Ke2 Qxh2+ 56.Kd3 Qxb2
57.c7 Qb1+ 58.Kc3 Qc1+ 59.Kb4 Qb2+ 60.Kc5 Qc3+ 61.Kd6 Qa3+ 62.Ke6 Qe3+ 63.Kf7  1-0

[Event "Aktiv Alliancen-A"]
[Site "Taastrup"]
[Date "1997.??.??"]
[Round "6"]
[White "Hansen, Lars"]
[Black "Nilsson, Nils Specht"]
[Result "1/2-1/2"]
[WhiteElo "2330"]
[BlackElo "2225"]

1.e4 d6 2.d4 Nf6 3.Nc3 c6 4.g3 g6 5.Bg2 Bg7 6.Nge2 Nbd7 7.O-O O-O 8.h3 e6
9.Be3 d5 10.e5 Ne8 11.Qd2 a5 12.a4 b6 13.f4 Ba6 14.Rf2 b5 15.axb5 cxb5 16.g4 b4
17.Na4 Bxe2 18.Qxe2 f5 19.exf6 Nexf6 20.c4 bxc3 21.Nxc3 Nb6 22.f5 exf5 23.gxf5 gxf5
24.Rxf5 Qd7 25.Qd3 Ne4 26.Rxf8+ Rxf8 27.Rxa5 Re8 28.Nxe4 Qe6 29.Ra6 dxe4
30.Qb5 Rb8 31.b3 Bh6 32.Bxh6 Qxh6 33.Qe5 Qe3+ 34.Kh2 Nd7 35.Qxe4 Qxe4 36.Bxe4 Rb4
37.Bd5+ Kf8 38.Bc4 Nb6 39.Be6 Ke7 40.Bg8 h5 41.Ra7+ Kf8 42.Be6 Rxd4 43.Rb7 Rd6
44.Bf7 h4 45.Kg2 Rf6 46.Bh5 Nd5 47.Bg4 Ne3+ 48.Kg1  1/2-1/2

[Event "EST-ch"]
[Site "Tallinn"]
[Date "1997.??.??"]
[Round "1"]
[White "Rytshagov, Mikhail"]
[Black "Neff, Sergei"]
[Result "1-0"]
[WhiteElo "2485"]
[BlackElo "2310"]

1.e4 d6 2.d4 Nf6 3.Nc3 e5 4.dxe5 dxe5 5.Qxd8+ Kxd8 6.Bc4 Be6 7.Bxe6 fxe6
8.Be3 Bb4 9.Bd2 Nbd7 10.f3 Ke7 11.Nh3 a6 12.Nf2 Rhd8 13.Nd3 Bd6 14.Nd1 Rac8
15.Ne3 h6 16.Ke2 Nc5 17.Nxc5 Bxc5 18.Nc4 Nd7 19.Rhd1 Bd6 20.Bc3 Nb6 21.Na5 Rb8
22.b3 Rg8 23.Rd3 g5 24.h3 h5 25.Rad1 g4 26.fxg4 hxg4 27.h4 g3 28.Bd2 Rbf8
29.Rf3 Rxf3 30.Kxf3 Kf7 31.Bg5 Rb8 32.Kxg3 Bb4 33.Nc4 Nxc4 34.bxc4 Ke8 35.Kg4 b5
36.cxb5 axb5 37.h5 Bd6 38.h6 Kf7 39.Rf1+ Kg8 40.Kh5 Rb7 41.Kg6  1-0

[Event "EU-ch U18"]
[Site "Tallinn"]
[Date "1997.??.??"]
[Round "2"]
[White "Uvarov, Vyacheslav"]
[Black "Cyborowski, Lukasz"]
[Result "1/2-1/2"]
[WhiteElo "2210"]
[BlackElo "2490"]

1.e4 d6 2.d4 Nf6 3.Nc3 e5 4.dxe5 dxe5 5.Qxd8+ Kxd8 6.Bg5 Be6 7.O-O-O+ Nd7
8.Nf3 Kc8 9.h3 Bb4 10.Bxf6 gxf6 11.Nd2 c6 12.Bc4 Kc7 13.g4 Rad8 14.Bxe6 fxe6
15.Ne2 h5 16.Ng3 hxg4 17.hxg4 Bc5 18.f3 Be3 19.Rxh8 Rxh8 20.Rh1 Rxh1+ 21.Nxh1 Nc5
22.b3 a5 23.Kd1 b5 24.Nf1 Bg5 25.Nf2 Kd6 26.Nh3 Bf4 27.Ke2 Na6 28.c3 b4 29.Kd3 Bc1
30.Ke2 Bh6 31.Nd2 Bxd2 32.Kxd2  1/2-1/2

[Event "EU-ch U18"]
[Site "Tallinn"]
[Date "1997.??.??"]
[Round "8"]
[White "Grund, Holger"]
[Black "Cyborowski, Lukasz"]
[Result "1-0"]
[WhiteElo "2325"]
[BlackElo "2490"]

1.e4 d6 2.d4 Nf6 3.Nc3 e5 4.Nf3 Nbd7 5.Bc4 Be7 6.O-O O-O 7.Re1 c6 8.a4 b6
9.Qe2 a6 10.h3 Bb7 11.d5 cxd5 12.Nxd5 Nxd5 13.Bxd5 Bxd5 14.exd5 f5 15.a5 b5
16.c4 Rb8 17.Bd2 Bf6 18.Bb4 e4 19.Bxd6 exf3 20.Qe6+ Kh8 21.Bxb8 Nxb8 22.cxb5 Bxb2
23.Ra2 Bc3 24.Re3 Bxa5 25.bxa6 f4 26.Rxf3 Re8 27.Qf7 Re7 28.Qf5 Bb6 29.Rxf4 Re1+
30.Kh2 Bc7 31.a7 g6 32.Qf7 Re4 33.g3  1-0

[Event "Tanta op"]
[Site "Tanta"]
[Date "1997.??.??"]
[Round "2"]
[White "Rimawi, B T."]
[Black "Abdennabi, Imed"]
[Result "0-1"]
[WhiteElo "2265"]
[BlackElo "2385"]

1.e4 d6 2.d4 Nf6 3.Nc3 c6 4.f4 Qa5 5.Bd3 e5 6.fxe5 dxe5 7.dxe5 Ng4 8.h3 Nxe5
9.Nf3 Nbd7 10.O-O Bd6 11.Kh1 O-O 12.Ne2 Re8 13.Bd2 Qc7 14.Bc3 Nxf3 15.Rxf3 Be5
16.Qd2 Bxc3 17.Qxc3 Qe5 18.Bc4 Nf6 19.Qb3 Re7 20.Rd1 Be6 21.Bxe6 Qxe6 22.Qxe6 Rxe6
23.Ng3 Rae8 24.Rfd3 g6 25.Rd8 h5 26.Rxe8+ Rxe8 27.h4 Nxe4 28.Nxe4 Rxe4 29.g3 Re2
30.Rd7 b5 31.Rxa7 Rxc2 32.b3 Kg7 33.Rc7 b4 34.Rb7 c5 35.Ra7 Kf6 36.a4 c4  0-1

[Event "Tanta op"]
[Site "Tanta"]
[Date "1997.??.??"]
[Round "4"]
[White "Yasseen, Aly"]
[Black "Rahman, Yehya"]
[Result "1/2-1/2"]
[WhiteElo "2370"]
[BlackElo "2345"]

1.e4 d6 2.d4 Nf6 3.Nc3 c6 4.f4 Qa5 5.Bd3 e5 6.Nf3 Bg4 7.fxe5 dxe5 8.dxe5 Nfd7
9.O-O Nxe5 10.Be2 Nxf3+ 11.Bxf3 Be6 12.Bg4 Bc5+ 13.Kh1 O-O 14.Bxe6 fxe6 15.Rxf8+ Bxf8
16.Qg4 Qe5 17.Bf4 Qf6 18.e5 Qg6 19.Qxg6 hxg6 20.Rd1 Na6 21.g3 Re8 22.Rd7 Nc5
23.Rc7 g5 24.Bd2 a5 25.a3  1/2-1/2

[Event "Tanta op"]
[Site "Tanta"]
[Date "1997.??.??"]
[Round "7"]
[White "Yasseen, Aly"]
[Black "Hamed, Ahmed"]
[Result "0-1"]
[WhiteElo "2370"]
[BlackElo "2330"]

1.e4 d6 2.d4 c6 3.Nc3 Nf6 4.Nf3 Bg4 5.Be2 Nbd7 6.O-O e5 7.Be3 Be7 8.Nd2 Bxe2
9.Qxe2 O-O 10.f4 exd4 11.Bxd4 Re8 12.Qf3 Qa5 13.Nb3 Qh5 14.Qxh5 Nxh5 15.a4 Nhf6
16.h3 Bd8 17.Rae1 Bc7 18.g4 h6 19.Kg2 b6 20.Bxf6 Nxf6 21.Nd4 c5 22.Ndb5 Bb8
23.Kf3 a6 24.Na3 Bc7 25.Nc4 Rad8 26.Re3 Rd7 27.Rd1 Kf8 28.h4 g5 29.fxg5 hxg5
30.h5 Re6 31.Nd5 Nxd5 32.Rxd5 Bd8 33.e5 b5 34.axb5 axb5 35.Rxd6 Rdxd6 36.Nxd6 Bc7
37.Rd3 Rxe5 38.Nxb5 c4 39.Rd7 Bb6 40.Nc3 Re3+ 41.Kg2 Ba5 42.Kf2 Rh3 43.Ne4 Rh2+
44.Kf3 Rxc2 45.Nxg5 Rxb2 46.Rxf7+ Ke8 47.Ra7 Bb6 48.Ra4 c3 49.h6 Rh2 50.h7 Bd8
51.Re4+ Kd7 52.Rd4+ Ke8 53.Re4+ Kd7 54.Re2 Rh6 55.Kf4 Bxg5+ 56.Kxg5 Rxh7
57.Re3  0-1

[Event "Tanta op"]
[Site "Tanta"]
[Date "1997.??.??"]
[Round "10"]
[White "Berelovich, Aleksandar"]
[Black "Hamed, Ahmed"]
[Result "1-0"]
[WhiteElo "2495"]
[BlackElo "2330"]

1.e4 d6 2.d4 Nf6 3.Nc3 c6 4.f4 Qa5 5.Bd3 e5 6.Nf3 Bg4 7.Be3 Be7 8.O-O O-O
9.Qd2 Bxf3 10.gxf3 Bd8 11.Kh1 exd4 12.Bxd4 Nbd7 13.Rg1 Qh5 14.Qf2 Qh6 15.Ne2 Bb6
16.Rg5 g6 17.Rag1 Rfe8 18.Bxb6 axb6 19.a3 Nc5 20.f5 Nfd7 21.Nf4 Kf8 22.fxg6 hxg6
23.Nxg6+ fxg6 24.Rxg6 Qf4 25.R1g4 Qf7 26.Qg3 Ne5 27.Rg8+ Ke7 28.R8g7 Nxg4
29.Qxg4 Rf8 30.Bc4 d5 31.exd5 cxd5 32.Bxd5 Qxg7 33.Qxg7+ Kd6 34.c4 Rae8 35.b4 Nd7
36.Kg2 Nf6 37.Qxb7 Re2+ 38.Kf1 Ree8 39.Qxb6+ Ke5 40.Bc6 Rd8 41.Kf2 Rh8 42.Ke3 Rd6
43.Qc7 Rh7 44.Qa5+ Ke6 45.Be4 Nxe4 46.Kxe4 Rf7 47.c5 Rd1 48.Qa6+ Ke7 49.c6 Re1+
50.Kd4 Rc1 51.Qe2+ Kf8 52.Qe4 Rf6  1-0

[Event "Toscolano op"]
[Site "Toscolano"]
[Date "1997.??.??"]
[Round "?"]
[White "Lantini, Marco"]
[Black "De Santis, Alessio"]
[Result "0-1"]
[WhiteElo "2190"]
[BlackElo "2255"]

1.e4 d6 2.d4 Nf6 3.Nc3 c6 4.g3 e5 5.dxe5 dxe5 6.Qxd8+ Kxd8 7.Bg2 Bc5 8.Na4 Bd6
9.Be3 Nbd7 10.h3 b5 11.Nc3 Nb6 12.Nge2 b4 13.Nb1 Ba6 14.a3 Bxe2 15.Kxe2 Nc4
16.Bc1 Kc7 17.axb4 Bxb4 18.b3 Nb6 19.Be3 Nfd7 20.Bd2 a5 21.Rd1 Bxd2 22.Nxd2 Nc5
23.Ke3 Ne6 24.Nf3 f6 25.Bf1 a4 26.b4 Rhd8 27.c4 c5 28.Rdb1 cxb4 29.Rxb4 Nc5
30.Ne1 Rdb8 31.Nd3 Nxd3 32.Bxd3 Nd5+ 33.exd5 Rxb4 34.c5 Ra5 35.Rc1 a3 36.d6+ Kc6
37.Bf5 a2 38.d7 Ra3+ 39.Ke2  0-1

[Event "ROM-chT"]
[Site "Tusnad"]
[Date "1997.??.??"]
[Round "?"]
[White "Ghinda, Mihail Viorel"]
[Black "Nanu, Ciprian"]
[Result "1-0"]
[WhiteElo "2455"]
[BlackElo "2340"]

1.e4 d6 2.d4 Nf6 3.Nc3 e5 4.Nge2 Nbd7 5.g3 g6 6.Bg2 Bg7 7.O-O O-O 8.h3 exd4
9.Nxd4 Re8 10.Re1 Nc5 11.Nb3 Ne6 12.a4 Bd7 13.a5 a6 14.Be3 Qc8 15.Qd2 Nd8
16.g4 Nc6 17.f4 h6 18.Bf2 Be6 19.Nd4 Nxd4 20.Bxd4 Bd7 21.e5 dxe5 22.Bxe5 Re6
23.f5 Rxe5 24.Rxe5 Nxg4 25.Re7 Ne5 26.f6 Bxf6 27.Nd5 Kf8 28.Qb4 c5 29.Qf4  1-0

[Event "JUG Cup (Women)"]
[Site "Ulcinj"]
[Date "1997.??.??"]
[Round "?"]
[White "Bojkovic, Natasa"]
[Black "Stepovaia Dianchenko, Tatiana"]
[Result "1/2-1/2"]
[WhiteElo "2405"]
[BlackElo "2350"]

1.e4 d6 2.d4 Nf6 3.Nc3 e5 4.Nf3 Nbd7 5.g3 Be7 6.Bg2 O-O 7.O-O c6 8.a4 a5
9.b3 Re8 10.Ba3 exd4 11.Nxd4 Nc5 12.Re1 Bf8 13.Qd2 Qb6 14.Rad1 Bg4 15.f3 Bd7
16.Qf2 Na6 17.Nb1 Rad8 18.Nd2 Qc7 19.Nc4 d5 20.Bxf8 Kxf8 21.exd5 cxd5 22.Ne3 Nb4
23.Bf1 Kg8 24.Bb5 Nc6 25.Bf1 Be6 26.Ng2 Bh3 27.Nb5 Qd7 28.Nf4 Bxf1 29.Qxf1 Rxe1
30.Rxe1 h6 31.Qh3 Qxh3 32.Nxh3 d4 33.Rd1 Nd5 34.Rd2 Ndb4 35.Nf4 g5 36.Ng2 f5
37.Kf2 Kf7 38.Ne1 Kf6 39.Nd3 Nxd3+ 40.Rxd3 Ke5 41.Rd1 Nb4 42.Rd2 Rd7  1/2-1/2

[Event "JUG Cup"]
[Site "Ulcinj"]
[Date "1997.??.??"]
[Round "?"]
[White "Dragojlovic, Andjelko"]
[Black "Popchev, Milko"]
[Result "1/2-1/2"]
[WhiteElo "2320"]
[BlackElo "2440"]

1.e4 d6 2.d4 Nf6 3.Nc3 c6 4.f4 g6 5.Nf3 Bg7 6.Be2 O-O 7.e5 Nd5 8.Ne4 f6 9.c4 Nc7
10.O-O dxe5 11.dxe5 Qxd1 12.Rxd1 Nd7 13.exf6 Nxf6 14.Nf2 Ng4 15.Nd3 Ne6 16.g3 Nd4
17.Nxd4 Bxd4+ 18.Kg2 Be6 19.h3 Nf6 20.Ne5 Rad8 21.Nf3  1/2-1/2

[Event "Villa Ballester op"]
[Site "Villa Ballester"]
[Date "1997.??.??"]
[Round "7"]
[White "Giaccio, Alfredo"]
[Black "Pizarro, Pablo"]
[Result "1-0"]
[WhiteElo "2460"]
[BlackElo "2155"]

1.e4 d6 2.d4 Nf6 3.Nc3 e5 4.Nf3 Nbd7 5.Bc4 Be7 6.O-O O-O 7.Re1 c6 8.a4 b6
9.b3 a6 10.Bb2 Qc7 11.g3 Bb7 12.Bf1 Rfe8 13.Bg2 Bf8 14.Qd2 Rad8 15.h3 g6
16.d5 c5 17.Nh2 Nh5 18.Ng4 Be7 19.Kh2 Rf8 20.f4 f6 21.f5 g5 22.h4 gxh4 23.gxh4 Nf4
24.Ne2 Nxg2 25.Nh6+ Kh8 26.Kxg2 c4 27.b4 b5 28.axb5 axb5 29.Kf3 Nb6 30.Nc3 Qd7
31.Qg2 Rde8 32.Rg1  1-0

[Event "Clarin GP op"]
[Site "Villa Martelli"]
[Date "1997.??.??"]
[Round "8"]
[White "German, Pablo"]
[Black "Tempone, Marcelo"]
[Result "1-0"]
[WhiteElo "2415"]
[BlackElo "2460"]

1.e4 d6 2.d4 Nf6 3.Nc3 e5 4.Nf3 Nbd7 5.Bc4 Be7 6.O-O O-O 7.Re1 c6 8.a4 b6
9.Ba2 a6 10.h3 Rb8 11.dxe5 dxe5 12.Nh4 Nc5 13.Nf5 Ne6 14.Be3 Bb4 15.Qf3 Nd4
16.Nxd4 exd4 17.Red1 c5 18.Bf4 Bxc3 19.bxc3 Bb7 20.Bxb8 Bxe4 21.Qe2 Qxb8
22.cxd4 Qa8 23.f3 Bg6 24.dxc5 bxc5 25.Bc4 Re8 26.Qf2 Qc6 27.a5 h5 28.Bd3 Kh7
29.Bxg6+ fxg6 30.Re1 Rb8 31.Rab1 Rb4 32.Rxb4 cxb4 33.Qd4  1-0

[Event "Mikenas mem op"]
[Site "Vilnius"]
[Date "1997.??.??"]
[Round "?"]
[White "Sveshnikov, Evgeny"]
[Black "Zagorskis, Darius"]
[Result "1/2-1/2"]
[WhiteElo "2560"]
[BlackElo "2505"]

1.e4 d6 2.d4 Nf6 3.Nc3 Nbd7 4.Nf3 e5 5.g3 g6 6.Bg2 Bg7 7.O-O O-O 8.Re1 Re8
9.h3 c6 10.Be3 a5 11.a4 exd4 12.Bxd4 Nf8 13.Ra3 Be6 14.Ng5 Bc4 15.f4 d5 16.e5 N6d7
17.Ra1  1/2-1/2

[Event "Volgograd"]
[Site "Volgograd"]
[Date "1997.??.??"]
[Round "6"]
[White "Saltaev, Mihail"]
[Black "Panchenko, Alexander N"]
[Result "1-0"]
[WhiteElo "2495"]
[BlackElo "2425"]

1.e4 d6 2.d4 Nf6 3.Nc3 e5 4.dxe5 dxe5 5.Qxd8+ Kxd8 6.Bc4 Be6 7.Bxe6 fxe6
8.f3 Bc5 9.Bd2 Ke7 10.Nge2 a6 11.Nc1 Nc6 12.Nd3 Bd6 13.Ne2 Nd7 14.c3 b5 15.Bg5+ Kf7
16.O-O h6 17.Be3 g5 18.g3 Ke7 19.Kg2 Na5 20.Rad1 Nc4 21.Bc1 a5 22.Rh1 Rag8
23.b3 Ncb6 24.Be3 c5 25.Nf2 c4 26.h4 Bc5 27.Bc1 Bxf2 28.Kxf2 g4 29.Ba3+ Kf6
30.bxc4 gxf3 31.Kxf3 Nxc4 32.Rxd7 Nxa3 33.g4 Rd8 34.Rhd1 Rxd7 35.Rxd7 Rf8
36.Rb7 Rf7 37.Rb8 Rc7 38.Rh8 Kg7 39.Ra8 a4 40.Rb8 Rd7 41.g5 hxg5 42.hxg5 Rd2
43.Ng3 Rxa2 44.Kg4 Rg2 45.Rb7+ Kg6 46.Rb6 Nc4 47.Rxe6+ Kf7 48.Ra6 a3 49.Kf3 Rg1
50.g6+ Ke8 51.g7 Kf7 52.Ra7+ Kg8 53.Nh5  1-0

[Event "AUT-chT9697"]
[Site "Vorarlberg"]
[Date "1997.??.??"]
[Round "?"]
[White "Planatscher, Alois"]
[Black "Laske, Erich"]
[Result "1-0"]
[WhiteElo "1900"]
[BlackElo "1935"]

1.e4 d6 2.d4 Nf6 3.Nc3 c6 4.Nf3 Bg4 5.h3 Bh5 6.Bd3 e6 7.O-O Be7 8.g4 Bg6
9.Bf4 h5 10.g5 Nh7 11.h4 f6 12.e5 Bxd3 13.Qxd3 fxg5 14.Qg6+ Kd7 15.exd6 gxf4
16.Ne5+ Kc8 17.Qxe6+ Nd7 18.dxe7 Qe8 19.Ne4 Kc7 20.Nd6 Qg8 21.Qxd7+  1-0

[Event "Walsall op"]
[Site "Walsall"]
[Date "1997.??.??"]
[Round "3"]
[White "Arakhamia, Ketevan"]
[Black "Cooper, Lawrence"]
[Result "1-0"]
[WhiteElo "2490"]
[BlackElo "2365"]

1.e4 d6 2.d4 Nf6 3.Nc3 e5 4.Nf3 Nbd7 5.Bc4 Be7 6.O-O O-O 7.Re1 c6 8.a4 h6
9.a5 Rb8 10.d5 a6 11.Qe2 c5 12.Nd2 Ne8 13.Bd3 Bg5 14.Nc4 Bxc1 15.Rexc1 Qe7
16.Rf1 Nc7 17.Qd2 Rd8 18.Rae1 Nf8 19.f4 f6 20.fxe5 fxe5 21.Ne2 Ne8 22.Ne3 g6
23.Rf3 Nf6 24.Ref1 N6h7 25.Ng3 Kg7 26.R3f2 h5 27.Nc4 h4 28.Ne2 Bg4 29.Nc3 Ng5
30.Be2 Bxe2 31.Qxe2 h3 32.Qg4 hxg2 33.Rxg2 Ngh7 34.Ne3 Kh8 35.Rg3 Rd7 36.Nc4 Rbd8
37.Rgf3 Kg8 38.h4 Qg7 39.Ne2 Re8 40.Ng3 Ree7 41.Kg2 Rd8 42.Kh2 Kh8 43.h5 gxh5
44.Qxh5 Red7 45.Rf7 Qg8 46.Rxd7 Rxd7 47.Nf5 Qg5 48.Qxg5 Nxg5 49.Nfxd6 Ng6
50.Rf6 Rg7 51.Rf5 Nh4 52.Rf8+ Kh7 53.Nxe5 Re7 54.Ng4 Nxe4 55.Nxe4 Rxe4 56.Nf6+ Kg7
57.Nxe4 Kxf8 58.Kg3 Nf5+ 59.Kf4 Nd4 60.Nxc5 Nxc2 61.Nxb7 Nb4 62.Ke4 Ke7 63.Kd4 Kd7
64.Nc5+ Kd6 65.Ne4+ Kc7 66.Kc4 Nc2 67.Kc5 Ne3 68.b4 Nc2 69.d6+ Kb7 70.b5 Ne1
71.bxa6+ Kxa6 72.d7 Nd3+ 73.Kd6  1-0

[Event "Warsaw-ch"]
[Site "Warsaw"]
[Date "1997.??.??"]
[Round "7"]
[White "Rutkowska, Mariola"]
[Black "Gawronski, Miroslaw"]
[Result "0-1"]
[WhiteElo "2080"]
[BlackElo "2205"]

1.e4 d6 2.d4 Nf6 3.Nc3 c6 4.g3 Qa5 5.Bg2 e5 6.Ne2 Be7 7.O-O Nbd7 8.h3 b5
9.Be3 Bb7 10.a3 Qc7 11.f4 Nb6 12.b3 O-O 13.Kh2 Rfe8 14.fxe5 dxe5 15.dxe5 Qxe5
16.Bd4 Qc7 17.e5 Nfd5 18.Nxd5 Nxd5 19.Bxd5 cxd5 20.b4 Bf8 21.Nf4 g6 22.c3 Bg7
23.Nd3 Bc8 24.Qf3 Bf5 25.Nf4 Be4 26.Nxd5 Bxd5 27.Qxd5 Rad8 28.Qf3 Bxe5 29.Bxe5 Rxe5
30.Rad1 Rde8 31.Rd3 Qc4 32.Rd7 Rf5  0-1

[Event "Wattens op"]
[Site "Wattens"]
[Date "1997.??.??"]
[Round "?"]
[White "Embacher, Gregor"]
[Black "Weiss, Christian"]
[Result "0-1"]
[WhiteElo "1995"]
[BlackElo "2325"]

1.e4 d6 2.d4 Nf6 3.Nc3 c6 4.Be2 Qa5 5.Kf1 e5 6.Nf3 Be7 7.a3 O-O 8.h4 Bg4
9.Be3 Nbd7 10.Ng5 Bxe2+ 11.Qxe2 Rae8 12.Rh3 b5 13.Nd1 Bd8 14.dxe5 Nxe5 15.Bd2 Qb6
16.Ne3 Nc4 17.Nxc4 bxc4 18.Bc3 h6 19.Rd1 Qb5 20.f4 d5 21.e5 h5 22.Qf3 Ng4
23.Re1 Bb6 24.e6 fxe6 25.Nxe6 Rxe6 26.Rxe6 d4 27.Qxc6 Qxc6 28.Rxc6 dxc3 29.Rxc3 Rxf4+
30.Ke1 Ba5 31.Ra6 Bxc3+ 32.bxc3 Rf7 33.Rc6 Ne3  0-1

[Event "Wattens op"]
[Site "Wattens"]
[Date "1997.??.??"]
[Round "?"]
[White "Kroencke, Manfred"]
[Black "Knoll, Hermann"]
[Result "0-1"]
[WhiteElo "2185"]
[BlackElo "2245"]

1.e4 d6 2.d4 Nf6 3.Nc3 c6 4.a4 g6 5.h3 Bg7 6.Nf3 O-O 7.Bd3 Qc7 8.O-O e5 9.dxe5 dxe5
10.Be3 Nbd7 11.Qd2 Rd8 12.Rad1 Nf8 13.Qc1 Nh5 14.Ne2 Nf6 15.Nc3 Bd7 16.Rfe1 Be8
17.Bc4 a6 18.Bb3 Qe7 19.Bb6 Rxd1 20.Rxd1 N6d7 21.Qe3 Ne6 22.Bxe6 Qxe6 23.Bc7 Bf8
24.Qd2 f6 25.Bd6 Bg7 26.a5 b5 27.axb6 Nxb6 28.Bc5 Nd7 29.Ba3 Nb6 30.b3 Nd7
31.Qd3 c5 32.Nd5 Rc8 33.Nd2 Bf8 34.Nc4 Nb8 35.Nce3 Bb5 36.c4 Be8 37.Ng4 Bg7
38.Bc1 h5 39.Nge3 Nc6 40.f4 Qd6 41.Bb2 Nd4 42.f5 Rb8 43.b4 Ba4 44.Ra1 Be8
45.bxc5 Qxc5 46.Bxd4 Qxd4 47.Qxd4 exd4 48.Nc2 gxf5 49.exf5 d3 50.Ncb4 d2
51.Rd1 a5 52.Nd3 Bh6 53.Nxf6+ Kf8 54.Nxe8 Kxe8 55.Kf2 Rb3 56.Ke2 a4 57.g4 hxg4
58.hxg4 a3 59.Ra1 Rc3 60.Nf2 Bg5 61.Ra2 Rb3 62.Nd3 Rxd3  0-1

[Event "Wattens op"]
[Site "Wattens"]
[Date "1997.??.??"]
[Round "?"]
[White "Gretzinger, Heinz"]
[Black "Kuporosov, Viktor"]
[Result "0-1"]
[WhiteElo "1765"]
[BlackElo "2495"]

1.d4 d6 2.e4 Nf6 3.Nc3 c6 4.f4 g6 5.Nf3 Bg7 6.Bd3 O-O 7.O-O Na6 8.a3 c5 9.Bxa6 cxd4
10.Qxd4 bxa6 11.Kh1 Bb7 12.Rb1 Nxe4 13.Qd3 Nc5 14.Qe2 Rc8 15.Be3 Qd7 16.Rfd1 Bxc3
17.bxc3 Ne4 18.Bd4 Nxc3 19.Bxc3 Rxc3 20.Nd4 Rfc8 21.Rb4 e5 22.Rdb1 Bxg2+
23.Qxg2 exd4 24.Rxd4 Rxc2 25.Qf3 R8c3 26.Rd3 Rxd3 27.Qxd3 Qc6+  0-1

[Event "Wattens op"]
[Site "Wattens"]
[Date "1997.??.??"]
[Round "?"]
[White "Schett, Franz"]
[Black "Knoll, Hermann"]
[Result "0-1"]
[WhiteElo "1695"]
[BlackElo "2245"]

1.e4 d6 2.d4 Nf6 3.Nc3 c6 4.Nf3 Bg4 5.Be2 e6 6.h3 Bh5 7.Bg5 Be7 8.O-O O-O
9.Qd2 d5 10.Bxf6 Bxf6 11.e5 Be7 12.Nh2 Bg6 13.Bd3 c5 14.Ne2 cxd4 15.Bxg6 hxg6
16.Nxd4 Nd7 17.Rae1 Qb6 18.c3 Nc5 19.Nhf3 Ne4 20.Qc2 Rac8 21.Qb3 Qa6 22.Rd1 b6
23.a3 Nc5 24.Qb5 Qb7 25.Rfe1 a6 26.Qe2 b5 27.Nd2 Rc7 28.N2b3 Nd7 29.Qg4 Qb6
30.h4 Rb8 31.h5 gxh5 32.Qxh5 g6 33.Qh6 Bf8 34.Qh4 Bg7 35.Rd3 a5 36.Nf3 b4
37.axb4 axb4 38.Nbd4 bxc3 39.bxc3 Rbc8 40.Ne2 Rc4 41.Qg5 Nc5 42.Qe3 Re4 43.Qd2 Nxd3
44.Qxd3 Bh6 45.Rb1 Qc7 46.g3 Qc4 47.Qxc4 Rcxc4 48.Kf1 Rc8 49.Rb2 Bg7 50.Rb4 Rxb4
51.cxb4 Rb8 52.Ned4 Rxb4 53.Nc6 Rc4 54.Ncd4 Bxe5 55.Nxe6 Bxg3 56.Ned4 Be5
57.Nf5 Bf6 58.Ne3 Rc1+ 59.Ke2 d4 60.Nd5 Bg7 61.Ne1 Rc5  0-1

[Event "Wattens op"]
[Site "Wattens"]
[Date "1997.??.??"]
[Round "?"]
[White "Pilz, Dieter"]
[Black "Weiss, Christian"]
[Result "0-1"]
[WhiteElo "2250"]
[BlackElo "2325"]

1.e4 d6 2.d4 Nf6 3.Nc3 c6 4.a4 g6 5.h3 Bg7 6.Nf3 O-O 7.Bc4 d5 8.Bd3 dxe4
9.Nxe4 Nxe4 10.Bxe4 Be6 11.O-O Nd7 12.Bg5 Nf6 13.Bd3 Bd5 14.Re1 Re8 15.c3 Qb6
16.b4 a5 17.b5 Rad8 18.Be3 Nd7 19.Rb1 c5 20.Be2 e5 21.dxc5 Nxc5 22.Qc1 Rc8
23.Qa3 Bf8 24.Rbd1 Bxf3 25.Bxf3 Qf6 26.Qa2 Rcd8 27.Bd5 b6 28.Qc4 Rc8 29.Qg4 h5
30.Qc4 Red8 31.Bc6 Rxd1 32.Rxd1 Rd8 33.Bd5 Rd7 34.h4 Qf5 35.Rf1 Qg4 36.Ra1 Kg7
37.g3 f5 38.Kg2 Be7 39.Qxg4 hxg4 40.c4 Nb3 41.Re1 Bb4 42.Rh1 Bc5 43.Rb1 Nd4
44.Rh1 Nb3 45.Bg5 Bd4 46.h5 gxh5 47.Be6 Ra7 48.Bxf5 Rf7 49.Bf6+ Rxf6 50.Rxh5 Nc5
51.f3 gxf3+ 52.Kxf3 Rh6 53.Rg5+ Kf6 54.Kg4 e4 55.Rg8 e3 56.Kf4 Ne6+  0-1

[Event "Zagreb"]
[Site "Zagreb"]
[Date "1997.??.??"]
[Round "4"]
[White "Biti, Ozren"]
[Black "Ruck, Robert"]
[Result "1/2-1/2"]
[WhiteElo "2135"]
[BlackElo "2450"]

1.e4 d6 2.d4 Nf6 3.Nc3 Nbd7 4.Nf3 e5 5.Bc4 Be7 6.O-O O-O 7.a4 c6 8.Ba2 b6
9.Re1 a6 10.h3 Qc7 11.Nh4 exd4 12.Qxd4 Ne5 13.f4 Ng6 14.Nxg6 hxg6 15.Qf2 Nd7
16.Be3 Rb8 17.g4 b5 18.a5 b4 19.Na4 c5 20.Bd5 Rb5 21.g5 Bb7 22.c4 Rxa5 23.Qc2 Nb6
24.b3 Nxa4 25.bxa4 Bxd5 26.exd5 Qd7 27.Kg2 Rb8 28.Bd2 Bf8 29.Qb3 Qf5 30.Qb1 Qd7
31.Qb3 Qf5 32.Qb1  1/2-1/2

[Event "Zagreb"]
[Site "Zagreb"]
[Date "1997.??.??"]
[Round "7"]
[White "Brumen, Dinko"]
[Black "Biti, Ozren"]
[Result "1-0"]
[WhiteElo "2335"]
[BlackElo "2135"]

1.e4 d6 2.d4 Nf6 3.Nc3 c6 4.f4 Qb6 5.h3 e5 6.Nf3 exd4 7.Nxd4 Be7 8.Be2 O-O
9.O-O Rd8 10.Bf3 d5 11.exd5 cxd5 12.Ne2 Nc6 13.c3 Bf5 14.Kh1 Be4 15.Qb3 Qa6
16.Be3 Bd3 17.Rfe1 Rac8 18.Nc1 Be4 19.Be2 Nxd4 20.Bxd4 Qe6 21.Bf3 Nh5 22.Bxe4 Ng3+
23.Kh2 Nxe4 24.Nd3 Qg6 25.Re3 b6 26.Qd1 Bd6 27.Be5 Be7 28.Qg4 Qxg4 29.hxg4 f6
30.Bd4 Bd6 31.g3 Re8 32.Rae1 Kf7 33.Kg2 Bc5 34.Bxc5 bxc5 35.Nf2 Nd2 36.Rxe8 Rxe8
37.Rxe8 Kxe8 38.Nd3 Ne4 39.Kf3 Kd7 40.Ne1 Kc6 41.Nc2 a5 42.Ne3 g6 43.Nd1 a4
44.Ke3 Nxg3 45.b3 a3 46.c4 d4+ 47.Kf3 Nf1 48.Ke2 Nh2 49.Nf2 f5 50.g5 Ng4
51.Nd3 Kd6 52.Kd2 Ne3 53.Ke2 Kc6 54.Ne5+ Kb6 55.Nd7+ Kc6 56.Ne5+ Kd6 57.Nd3 Ng4
58.Ne1 h6 59.gxh6 Nxh6 60.Nc2 Ng4 61.Nxa3 Ne3 62.Nb1 Nc2 63.Nd2 Ne3 64.a3 Nc2
65.Nb1 Kc6 66.Kd2 Ne3 67.Ke2 Nc2 68.a4 Kb6 69.Nd2 Ne3 70.Nf1 Nxf1 71.Kxf1 Ka5
72.Ke2 Kb4 73.Kd2 Ka5 74.Kc2 Kb4 75.Kb2  1-0

[Event "Znojmo op-A"]
[Site "Znojmo"]
[Date "1997.??.??"]
[Round "?"]
[White "Malijevsky, Alexandr"]
[Black "Bilek, Roman"]
[Result "0-1"]
[WhiteElo "1990"]
[BlackElo "1855"]

1.e4 d6 2.d4 Nf6 3.Nc3 Nbd7 4.f4 e5 5.Nf3 Be7 6.Be3 O-O 7.Qd2 exd4 8.Nxd4 Nc5
9.Bd3 Nxd3+ 10.Qxd3 Re8 11.O-O-O a6 12.h3 c5 13.Nf5 Bxf5 14.exf5 b5 15.Rhe1 Qa5
16.Kb1 c4 17.Qd4 b4 18.Nd5 b3 19.cxb3 cxb3 20.axb3 Rab8 21.Qa4 Qxa4 22.bxa4 Nxd5
23.Rxd5 Bh4 24.Re2 Rb3 25.Rxd6 Rexe3 26.Rxe3 Rxe3 27.Rxa6 Kf8 28.a5 Be1 29.Ra8+ Re8
30.Ra7 Rb8 31.Kc2 Bf2 32.Rc7 Rb5 33.a6 Ra5 34.Rc6 Rc5+ 35.Rxc5 Bxc5 36.Kd3 Ke7
37.b4 Bb6 38.Kc4 Kd6 39.g4 f6 40.h4 h6 41.Kb5 Kc7 42.Kc4 Kc6 43.Kd3 Kb5 44.Ke4 Kc4
45.h5 Ba7 46.g5 Bb6 47.gxh6 gxh6 48.b5 Ba7 49.Kf3 Kxb5  0-1

[Event "Rishon Le Ziyyon 9798"]
[Site "Rishon Le Ziyyon"]
[Date "1998.01.01"]
[Round "8"]
[White "Liss, Eran"]
[Black "Palatnik, Semon"]
[Result "1/2-1/2"]
[WhiteElo "2540"]
[BlackElo "2500"]

1.e4 d6 2.d4 Nf6 3.Nc3 Nbd7 4.f4 e5 5.Nf3 exd4 6.Qxd4 c6 7.e5 dxe5 8.fxe5 Bc5
9.Qf4 Qe7 10.Be2 Nd5 11.Nxd5 cxd5 12.Be3 Bxe3 13.Qxe3 Qb4+ 14.c3 Qxb2 15.e6 O-O
16.O-O Qb6 17.Nd4 fxe6 18.Qxe6+ Qxe6 19.Nxe6 Rxf1+ 20.Rxf1 Nf6 21.Nc7 Rb8
22.Bf3 b6 23.Nxd5 Be6 24.Ne7+ Kf8 25.Nc6 Rc8 26.Rc1 Rc7 27.c4 Bg4 28.Nd4 Rd7
29.Bxg4 Rxd4 30.Bf5 Rd2  1/2-1/2

[Event "Zagreb op"]
[Site "Zagreb"]
[Date "1998.01.06"]
[Round "4"]
[White "Kutuzovic, Branko"]
[Black "Vidovic, Sasa"]
[Result "1-0"]
[WhiteElo "2425"]
[BlackElo "2225"]

1.e4 d6 2.d4 Nf6 3.Nc3 c6 4.f3 Nbd7 5.Be3 e5 6.Qd2 Qc7 7.Nge2 b5 8.g4 Nb6
9.Ng3 h5 10.g5 h4 11.Nf5 b4 12.Nd1 Bxf5 13.gxf6 Bd7 14.dxe5 gxf6 15.exf6 O-O-O
16.Bf4 c5 17.a3 Bc6 18.axb4 cxb4 19.Ne3 Qd7 20.Qxb4 Bh6 21.Bxh6 Rxh6 22.Ng4 Rh5
23.Bh3 Kb8 24.c4 Qb7 25.O-O  1-0